Sistema nacional de innovacion tecnologica : temas para el debate de mexico /
Guardado en:
| Autor Principal: | |
|---|---|
| Otros Autores: | , |
| Formato: | Libro |
| Publicado: |
Mexico :
Universidad Autonoma Metropolitana,
2001
|
| Materias: | |
| Etiquetas: |
Agregar Etiqueta
Sin Etiquetas, Sea el primero en etiquetar este registro!
|
| LEADER | 00684nam a22002055a 4500 | ||
|---|---|---|---|
| 001 | EHU.bham024237 | ||
| 003 | AR-BHAM | ||
| 005 | 20130507141048.0 | ||
| 008 | 130507s2001##################000#0#####d | ||
| 082 | 6 | 0 | |a 604.72 |
| 100 | 1 | |a Dutrenit, Gabriela | |
| 245 | 1 | 0 | |a Sistema nacional de innovacion tecnologica : |b temas para el debate de mexico / |c Gabriela Dutrenit , Celso Garrido , Giovanna Valenti |
| 260 | |a Mexico : |b Universidad Autonoma Metropolitana, |c 2001 | ||
| 300 | |a 403 p. | ||
| 653 | |a Tecnologia | ||
| 653 | |a Tecnologia mexicana | ||
| 653 | |a Mexico | ||
| 700 | 1 | |a Garrido, Celso | |
| 700 | 1 | |a Valenti, Giovanna | |
| 859 | |a AR-BHAM |b BIB. HUMANIDADES - General |h 604.72 |i D953 |p 665.01 |t Ej.1 | ||
